[Event "Budapest Vezerkepzo GM 07"]
[Site "Budapest"]
[Date "2025.07.23"]
[Round "4"]
[White "Bai, Adelard"]
[Black "Kunka, Harshid"]
[Result "0-1"]
[WhiteElo "2430"]
[BlackElo "2386"]
[PlyCount "70"]
[EventDate "2025.07.21"]
[EventType "tourn"]
[EventRounds "9"]
[EventCountry "HUN"]
[EventCategory "6"]
[SourceTitle "CB31_2025"]
[SourceDate "2025.07.30"]
[SourceVersion "1"]
[SourceVersionDate "2025.07.30"]
[SourceQuality "1"]

1. d4 d5 2. Nc3 Nf6 3. Bf4 a6 4. e3 b5 5. h4 e6 6. g4 b4 7. Na4 Bd7 8. Nc5 Bxc5 9. dxc5 Nc6 10. a3 Qb8 11. f3 h6 12. Kf2 e5 13. Bh2 bxa3 14. Rxa3 Qxb2 15. Rb3 Qa2 16. g5 Ng8 17. Bxe5 Nxe5 18. Qxd5 Qxc2+ 19. Ne2 Nc6 20. Bh3 Rd8 21. Rd3 Nge7 22. Bxd7+ Kf8 23. Qe4 Ne5 24. Qxe5 Qxd3 25. c6 hxg5 26. Qxc7 Qxe3+ 27. Kxe3 Nd5+ 28. Kf2 Nxc7 29. Rb1 Ke7 30. Rb7 Kd6 31. hxg5 Rb8 32. Ng3 Rxb7 33. Bf5 Ke5 34. cxb7 Rb8 35. f4+ Kxf4 0-1

[Event "Budapest FS07 GM"]
[Site "Budapest"]
[Date "2025.07.12"]
[Round "9"]
[White "Shahil, Dey"]
[Black "Kunka, Harshid"]
[Result "1-0"]
[WhiteElo "2358"]
[BlackElo "2386"]
[PlyCount "107"]
[EventDate "2025.07.05"]
[EventType "tourn"]
[EventRounds "9"]
[EventCountry "HUN"]
[EventCategory "6"]
[SourceTitle "CB29_2025"]
[SourceDate "2025.07.16"]
[SourceVersion "1"]
[SourceVersionDate "2025.07.16"]
[SourceQuality "1"]

1. c4 e6 2. g3 d5 3. Bg2 Nc6 4. Nf3 a6 5. Qb3 d4 6. 0-0 Bc5 7. d3 Nf6 8. e3 0-0 9. exd4 Nxd4 10. Nxd4 Bxd4 11. Na3 Nd7 12. Nc2 Ba7 13. d4 e5 14. Be3 exd4 15. Nxd4 Qf6 16. Nc2 Nc5 17. Qa3 Qf5 18. Nb4 c6 19. Rad1 Ne6 20. Bxa7 Rxa7 21. Rfe1 a5 22. Nd3 b5 23. Ne5 b4 24. Qa4 c5 25. Nc6 Rc7 26. Qxa5 Qc2 27. b3 Bb7 28. Rc1 Qd2 29. Rcd1 Qc2 30. Qb6 Bxc6 31. Bxc6 Rcc8 32. Bd7 Rcd8 33. Rd5 Qxa2 34. Bxe6 fxe6 35. Qxe6+ Kh8 36. Qe3 h6 37. Re2 Qb1+ 38. Kg2 Ra8 39. Re1 Qc2 40. Re2 Qb1 41. Qd3 Qc1 42. Rxc5 Ra1 43. Rf5 Qf1+ 44. Kf3 Rg8 45. Kg4 Rd1 46. Qe4 Rgd8 47. Qe7 R1d4+ 48. f4 Qd1 49. Kh3 Qf1+ 50. Kh4 Rg8 51. Qe5 Rd3 52. Rh5 Rgd8 53. Rxh6+ Kg8 54. Qe6+ 1-0

[Event "Budapest FS07 GM"]
[Site "Budapest"]
[Date "2025.07.09"]
[Round "5"]
[White "Juhasz, Agoston Botond"]
[Black "Kunka, Harshid"]
[Result "1/2-1/2"]
[WhiteElo "2428"]
[BlackElo "2386"]
[PlyCount "80"]
[EventDate "2025.07.05"]
[EventType "tourn"]
[EventRounds "9"]
[EventCountry "HUN"]
[EventCategory "6"]
[SourceTitle "CB29_2025"]
[SourceDate "2025.07.16"]
[SourceVersion "1"]
[SourceVersionDate "2025.07.16"]
[SourceQuality "1"]

1. e4 c6 2. d4 d5 3. exd5 cxd5 4. Bd3 Nc6 5. c3 Nf6 6. Bf4 Bg4 7. Qb3 Qc8 8. Nd2 e6 9. Ngf3 Be7 10. 0-0 Bh5 11. Ne5 0-0 12. Rfe1 Nxe5 13. Bxe5 Bg6 14. Bxg6 hxg6 15. g3 Qc6 16. a4 Nd7 17. Bf4 a6 18. a5 b5 19. axb6 Nxb6 20. Ra5 Nd7 21. Rea1 Bd8 22. R5a2 a5 23. Qa4 Qc8 24. Nb3 Nb6 25. Qb5 Nc4 26. Nc5 g5 27. Bc1 Be7 28. b3 Rb8 29. Qa4 Ne5 30. dxe5 Qxc5 31. Ba3 Qc7 32. Bxe7 Qxe7 33. Rb1 Qc7 34. Qxa5 Qxe5 35. Rc2 Rfc8 36. Qa1 Qe4 37. Qb2 d4 38. Re2 Qf3 39. cxd4 Rxb3 40. Qxb3 Qxe2 1/2-1/2

[Event "Budapest FS07 GM"]
[Site "Budapest"]
[Date "2025.07.06"]
[Round "2"]
[White "Kunka, Harshid"]
[Black "Pribelszky, Bence Daniel"]
[Result "1/2-1/2"]
[WhiteElo "2386"]
[BlackElo "2401"]
[PlyCount "148"]
[EventDate "2025.07.05"]
[EventType "tourn"]
[EventRounds "9"]
[EventCountry "HUN"]
[EventCategory "6"]
[SourceTitle "CB29_2025"]
[SourceDate "2025.07.16"]
[SourceVersion "1"]
[SourceVersionDate "2025.07.16"]
[SourceQuality "1"]

1. e4 e6 2. d4 d5 3. Nd2 c5 4. Ngf3 cxd4 5. Nxd4 Nc6 6. Bb5 Bd7 7. Nxc6 bxc6 8. Bd3 Qc7 9. Qe2 Ne7 10. b3 Ng6 11. g3 Bb4 12. Bb2 0-0 13. a3 Ba5 14. 0-0-0 c5 15. c4 d4 16. f4 Rab8 17. Bc2 Rb6 18. h4 Rfb8 19. h5 Nf8 20. h6 g6 21. Qd3 Ba4 22. b4 Bxc2 23. Kxc2 e5 24. b5 a6 25. a4 axb5 26. axb5 exf4 27. Nb3 Bb4 28. gxf4 Qxf4 29. Rhf1 Qg5 30. Nxd4 cxd4 31. Qxd4 f6 32. Rxf6 Rxf6 33. Qxf6 Qxf6 34. Bxf6 Kf7 35. Bc3 Bc5 36. Rf1+ Ke6 37. Rf6+ Ke7 38. Be5 Re8 39. Rc6 Nd7 40. Bf4 Ra8 41. e5 Ra2+ 42. Kc3 Re2 43. Rxg6 Nf8 44. Bg5+ Ke8 45. Rc6 Rxe5 46. Bf6 Re3+ 47. Kd2 Re6 48. Rxe6+ Nxe6 49. Kd3 Kd7 50. Ke4 Bf8 51. Kd5 Nc7+ 52. Ke5 Bxh6 53. Bh4 Be3 54. Bg3 Ne6 55. Kf6 Bd4+ 56. Kf5 Ng7+ 57. Ke4 Bb6 58. Be5 Ne6 59. Kf3 h5 60. Kg3 Bd8 61. Bb8 Nd4 62. Ba7 Nf5+ 63. Kh3 Nd6 64. Bf2 Nxc4 65. Bh4 Bb6 66. Bg5 Bf2 67. Bf4 Be3 68. Bg3 Bg5 69. Bh4 Bh6 70. Bf2 Bg5 71. Bh4 Bd2 72. Bg3 Ke6 73. Kh4 Kf7 74. Kxh5 Bg5 1/2-1/2

[Event "US Masters op"]
[Site "Charlotte"]
[Date "2024.12.01"]
[Round "9"]
[White "Woodward, Andy"]
[Black "Kunka, Harshid"]
[Result "1-0"]
[WhiteElo "2525"]
[BlackElo "2347"]
[PlyCount "81"]
[EventDate "2024.11.27"]
[EventType "swiss"]
[EventRounds "9"]
[EventCountry "USA"]
[SourceTitle "CB49_2024"]
[SourceDate "2024.12.04"]
[SourceVersion "1"]
[SourceVersionDate "2024.12.04"]
[SourceQuality "1"]

1. d4 d5 2. Nf3 Nf6 3. Bf4 c5 4. e3 Nc6 5. Nbd2 cxd4 6. exd4 Qb6 7. Nb3 Bg4 8. h3 Bh5 9. a4 a6 10. a5 Qd8 11. g4 Bg6 12. Ne5 e6 13. h4 Nxe5 14. dxe5 Qc7 15. Qd4 Nxg4 16. f3 Nh6 17. h5 Bf5 18. Qb6 Rc8 19. Qxc7 Rxc7 20. c3 Be7 21. Rg1 g5 22. Bxg5 Rg8 23. Be3 Bh4+ 24. Kd2 Rxg1 25. Bxg1 Bg5+ 26. Be3 Bxe3+ 27. Kxe3 Bc2 28. Nd4 Nf5+ 29. Nxf5 Bxf5 30. h6 f6 31. f4 fxe5 32. fxe5 Kf7 33. Bd3 Bxd3 34. Kxd3 Kg6 35. Rf1 Rf7 36. Rxf7 Kxf7 37. Kd4 Ke7 38. Kc5 Kd7 39. b3 Kc7 40. c4 dxc4 41. bxc4 1-0

[Event "Charlotte Fall GM"]
[Site "Charlotte"]
[Date "2024.11.22"]
[Round "2"]
[White "Chen, Ryo"]
[Black "Kunka, Harshid"]
[Result "1/2-1/2"]
[WhiteElo "2435"]
[BlackElo "2347"]
[PlyCount "80"]
[EventDate "2024.11.22"]
[EventType "tourn"]
[EventRounds "9"]
[EventCountry "USA"]
[EventCategory "8"]
[SourceTitle "CB49_2024"]
[SourceDate "2024.12.04"]
[SourceVersion "1"]
[SourceVersionDate "2024.12.04"]
[SourceQuality "1"]

1. e4 c6 2. Nf3 d5 3. e5 Bf5 4. Nh4 Bd7 5. d4 c5 6. Nf3 Nc6 7. dxc5 e6 8. a3 a5 9. Bd3 Bxc5 10. Qe2 Nge7 11. Be3 Qb6 12. Bxc5 Qxc5 13. 0-0 Ng6 14. g3 0-0 15. Nbd2 f5 16. Rae1 a4 17. h4 Be8 18. Kh2 Nh8 19. Ng5 Qe7 20. f4 Nf7 21. Nxf7 Bxf7 22. Qf2 Bh5 23. Rb1 Rfc8 24. Qb6 Qc7 25. Qf2 Qe7 26. Qb6 Nd8 27. Rfc1 Nf7 28. b3 Nh6 29. bxa4 Ng4+ 30. Kh3 Rxa4 31. Rb3 Rc6 32. Qg1 Rxa3 33. Rcb1 Rxb3 34. Nxb3 Be8 35. Nd4 Rc7 36. Rb6 Bc6 37. Qe1 Qc5 38. Qb4 Qxb4 39. Rxb4 Kf7 40. Kg2 Ne3+ 1/2-1/2

[Event "Las Vegas 1000 GM June GM-A"]
[Site "Las Vegas"]
[Date "2024.06.10"]
[Round "1"]
[White "Fernandez, Daniel Howard"]
[Black "Kunka, Harshid"]
[Result "0-1"]
[WhiteElo "2526"]
[BlackElo "2331"]
[PlyCount "68"]
[EventDate "2024.06.10"]
[EventType "tourn"]
[EventRounds "9"]
[EventCountry "USA"]
[EventCategory "7"]
[SourceTitle "CBM 220 Extra"]
[Source "ChessBase"]
[SourceDate "2024.07.31"]
[SourceVersion "1"]
[SourceVersionDate "2024.07.31"]
[SourceQuality "1"]

1. Nf3 d5 2. b3 Nf6 3. Bb2 e6 4. e3 Nbd7 5. d4 b6 6. Bd3 Bb7 7. 0-0 Bd6 8. Ne5 0-0 9. Nd2 Ne4 10. Ndf3 f6 11. Nxd7 Qxd7 12. c4 Qf7 13. cxd5 exd5 14. a4 Qe7 15. Qc1 Rfc8 16. Ba3 c5 17. Qb2 c4 18. Bxd6 Qxd6 19. bxc4 dxc4 20. Bc2 Qd5 21. Rfc1 Kh8 22. Qb4 Nd6 23. Bd1 Rc7 24. Be2 Rac8 25. Ra3 Ne4 26. Ne1 f5 27. Bf3 Qe6 28. a5 Bd5 29. axb6 axb6 30. Ra6 Rc6 31. Ra7 Re8 32. Bxe4 Qxe4 33. Nf3 Rg6 34. Qb5 Bc6 0-1

[Event "Austin Spring GM"]
[Site "Austin"]
[Date "2024.05.25"]
[Round "3"]
[White "Kunka, Harshid"]
[Black "Melillo, Lucius"]
[Result "1/2-1/2"]
[WhiteElo "2310"]
[BlackElo "2297"]
[PlyCount "72"]
[EventDate "2024.05.24"]
[EventType "tourn"]
[EventRounds "9"]
[EventCountry "USA"]
[EventCategory "6"]
[SourceTitle "CBM 220 Extra"]
[Source "ChessBase"]
[SourceDate "2024.07.31"]
[SourceVersion "1"]
[SourceVersionDate "2024.07.31"]
[SourceQuality "1"]

1. e4 e6 2. d4 d5 3. Nd2 c5 4. Ngf3 cxd4 5. Nxd4 Nc6 6. Bb5 Bd7 7. Nxc6 bxc6 8. Bd3 Bd6 9. Qe2 e5 10. c4 d4 11. 0-0 c5 12. f4 Ne7 13. f5 Nc6 14. a3 f6 15. Qh5+ Ke7 16. Qd1 a5 17. Rf3 g5 18. fxg6 hxg6 19. Rf2 Qg8 20. Nf1 a4 21. b3 Na5 22. bxa4 Nxc4 23. Rb1 Na5 24. Qf3 Qg7 25. Bd2 Rhb8 26. Rxb8 Bxb8 27. Qd1 Bd6 28. Bxa5 Rxa5 29. Nd2 Rxa4 30. Nc4 Bc7 31. Qb1 Bc6 32. Qc1 Kd7 33. Qf1 Ke7 34. Qc1 Kd7 35. Qf1 Ke7 36. Qc1 Ra8 1/2-1/2

[Event "Austin Spring GM"]
[Site "Austin"]
[Date "2024.05.24"]
[Round "1"]
[White "Kunka, Harshid"]
[Black "Sai, Krishna GV"]
[Result "1-0"]
[WhiteElo "2310"]
[BlackElo "2404"]
[PlyCount "115"]
[EventDate "2024.05.24"]
[EventType "tourn"]
[EventRounds "9"]
[EventCountry "USA"]
[EventCategory "6"]
[SourceTitle "CBM 220 Extra"]
[Source "ChessBase"]
[SourceDate "2024.07.31"]
[SourceVersion "1"]
[SourceVersionDate "2024.07.31"]
[SourceQuality "1"]

1. e4 e5 2. Nf3 Nc6 3. Bb5 a6 4. Ba4 Nf6 5. 0-0 Be7 6. Re1 b5 7. Bb3 0-0 8. c3 d5 9. d4 exd4 10. e5 Ne4 11. cxd4 Bg4 12. Nc3 Bb4 13. Re3 Bxc3 14. bxc3 Ng5 15. Qd3 Bxf3 16. gxf3 Nh3+ 17. Kf1 Qg5 18. Re1 Qg1+ 19. Ke2 Qxf2+ 20. Kd1 Rad8 21. Qe2 Qh4 22. Qg2 f6 23. f4 Kh8 24. Bxd5 Ne7 25. exf6 Qxf6 26. Bb3 Nf5 27. Qxh3 Nxd4 28. Bd2 b4 29. Rc1 Nxb3 30. axb3 Qxf4 31. Qe3 Qxh2 32. cxb4 Qh5+ 33. Kc2 Rf3 34. Qg5 Qxg5 35. Bxg5 Rb8 36. Kb2 h6 37. Bd2 Rf2 38. Rc2 Rb5 39. Re7 h5 40. Bc3 Rxc2+ 41. Kxc2 Rg5 42. Rxc7 Kh7 43. Rc5 Rg2+ 44. Kd3 g5 45. Ke4 h4 46. Kf5 Kh6 47. Rc6+ Kh5 48. Rxa6 Rf2+ 49. Ke4 h3 50. Be5 Re2+ 51. Kf5 Re3 52. Ra3 Rf3+ 53. Ke4 g4 54. b5 Kh4 55. b6 Rf7 56. Ra7 Rf8 57. Rh7+ Kg5 58. b7 1-0

[Event "Charlotte Spring IMC 2024"]
[Site "Charlotte"]
[Date "2024.03.29"]
[Round "4"]
[White "Kunka, Harshid"]
[Black "Melillo, Lucius"]
[Result "1/2-1/2"]
[WhiteElo "2294"]
[BlackElo "2274"]
[PlyCount "86"]
[EventDate "2024.03.27"]
[EventType "tourn"]
[EventRounds "9"]
[EventCountry "USA"]
[SourceTitle "CBM 219 Extra"]
[Source "ChessBase"]
[SourceDate "2024.05.31"]
[SourceVersion "1"]
[SourceVersionDate "2024.05.31"]
[SourceQuality "1"]

1. e4 e5 2. Nf3 Nc6 3. Bb5 a6 4. Ba4 Nf6 5. 0-0 Nxe4 6. d4 b5 7. Bb3 d5 8. dxe5 Be6 9. Be3 Be7 10. c3 0-0 11. Nbd2 Qd7 12. h3 Rad8 13. Nd4 Nxd2 14. Bxd2 Nxe5 15. f4 Nc6 16. Nxe6 fxe6 17. Qe2 Rfe8 18. Rae1 e5 19. fxe5 Bc5+ 20. Kh1 Nxe5 21. Qh5 g6 22. Qg5 Nc4 23. Bf4 c6 24. Bc2 Rxe1 25. Rxe1 Re8 26. Rf1 Qe7 27. Qg3 Bd6 28. Bxd6 Qxd6 29. Qxd6 Nxd6 30. Rf6 Rd8 31. g4 c5 32. b4 cxb4 33. cxb4 d4 34. Bd3 Nc4 35. Rxa6 Nb2 36. Bxb5 d3 37. Bxd3 Nxd3 38. b5 Nc5 39. Ra5 Rd1+ 40. Kh2 Rb1 41. a4 Rb4 42. b6 Nxa4 43. b7 Rxb7 1/2-1/2

[Event "Charlotte Spring IMC 2024"]
[Site "Charlotte"]
[Date "2024.03.28"]
[Round "3"]
[White "Wu, Sibo"]
[Black "Kunka, Harshid"]
[Result "0-1"]
[WhiteElo "2142"]
[BlackElo "2294"]
[PlyCount "70"]
[EventDate "2024.03.27"]
[EventType "tourn"]
[EventRounds "9"]
[EventCountry "USA"]
[SourceTitle "CBM 219 Extra"]
[Source "ChessBase"]
[SourceDate "2024.05.31"]
[SourceVersion "1"]
[SourceVersionDate "2024.05.31"]
[SourceQuality "1"]

1. d4 d5 2. Bf4 Nf6 3. e3 c5 4. Nd2 Nc6 5. c3 Bf5 6. Qb3 Qc8 7. Ngf3 c4 8. Qd1 Nh5 9. Nh4 Nxf4 10. exf4 Bd7 11. g3 e6 12. Bg2 Be7 13. Nhf3 b5 14. 0-0 0-0 15. h4 b4 16. Ne5 Nxe5 17. fxe5 bxc3 18. bxc3 Rb8 19. a4 Qc7 20. Qc2 Qa5 21. h5 h6 22. f4 Rb6 23. Rfb1 Rfb8 24. Rxb6 axb6 25. Ra2 Ra8 26. g4 Bxa4 27. Qc1 b5 28. Nf3 b4 29. f5 b3 30. Ra1 Qd8 31. f6 gxf6 32. Qxh6 fxe5 33. dxe5 b2 34. Rb1 Qb6+ 35. Kh2 Bc2 0-1

[Event "Austin AGCA GM"]
[Site "Austin"]
[Date "2024.01.15"]
[Round "9"]
[White "Eidelman, Gabriel"]
[Black "Kunka, Harshid"]
[Result "1/2-1/2"]
[WhiteElo "2343"]
[BlackElo "2283"]
[PlyCount "80"]
[EventDate "2024.01.11"]
[EventType "tourn"]
[EventRounds "9"]
[EventCountry "USA"]
[EventCategory "7"]
[SourceTitle "CBM 218 Extra"]
[Source "ChessBase"]
[SourceDate "2024.03.31"]
[SourceVersion "1"]
[SourceVersionDate "2024.03.31"]
[SourceQuality "1"]

1. e4 c6 2. d4 d5 3. e5 Bf5 4. Nf3 e6 5. Be2 Nd7 6. 0-0 Ne7 7. Nbd2 h6 8. Nb3 Qc7 9. a4 g5 10. a5 a6 11. c3 Bg7 12. Bd2 f6 13. exf6 Bxf6 14. Ne5 Bxe5 15. Bh5+ Ng6 16. dxe5 0-0-0 17. Bxg6 Bxg6 18. Nd4 Rde8 19. f4 gxf4 20. Bxf4 c5 21. Nf3 Be4 22. b4 Rhg8 23. Bg3 h5 24. Nh4 Rg4 25. Rf7 Reg8 26. Ra2 Qd8 27. bxc5 d4 28. Rd2 d3 29. c6 bxc6 30. Rb2 Qxa5 31. Qb3 Qb6+ 32. Qxb6 Nxb6 33. Rxb6 d2 34. Rf1 Rxh4 35. Rd1 Rhg4 36. Rxd2 h4 37. Rdb2 c5 38. Rb8+ Kc7 39. Rxg8 Rxg8 40. Bxh4 a5 1/2-1/2

[Event "Austin AGCA GM"]
[Site "Austin"]
[Date "2024.01.13"]
[Round "5"]
[White "Mista, Aleksander"]
[Black "Kunka, Harshid"]
[Result "1-0"]
[WhiteElo "2491"]
[BlackElo "2283"]
[PlyCount "109"]
[EventDate "2024.01.11"]
[EventType "tourn"]
[EventRounds "9"]
[EventCountry "USA"]
[EventCategory "7"]
[SourceTitle "CBM 218 Extra"]
[Source "ChessBase"]
[SourceDate "2024.03.31"]
[SourceVersion "1"]
[SourceVersionDate "2024.03.31"]
[SourceQuality "1"]

1. e4 c6 2. d4 d5 3. Nc3 dxe4 4. Nxe4 Nf6 5. Nxf6+ exf6 6. c3 Bd6 7. Bd3 0-0 8. Ne2 g6 9. 0-0 Bg4 10. Bh6 Re8 11. Qd2 Bxe2 12. Bxe2 Nd7 13. Rfe1 Nf8 14. Bc4 Qc7 15. g3 Ne6 16. Re2 Ng7 17. Rae1 Rxe2 18. Qxe2 Qd7 19. Qf3 Re8 20. Rxe8+ Nxe8 21. a4 Bf8 22. Be3 Nd6 23. Bd3 Qe6 24. d5 cxd5 25. Bxa7 Ne4 26. Qe3 Qc6 27. Bb5 Qc8 28. Bd4 Bg7 29. Bd3 f5 30. Bxg7 Kxg7 31. Qd4+ Nf6 32. b4 h5 33. a5 Qc7 34. f3 h4 35. gxh4 Qe7 36. b5 Kh7 37. a6 bxa6 38. bxa6 Qe1+ 39. Bf1 Nh5 40. a7 Qa1 41. Kf2 Qa5 42. Be2 Ng7 43. Bd1 Ne6 44. Qa4 Qc5+ 45. Kf1 Nc7 46. a8Q Nxa8 47. Qxa8 Qxc3 48. Qxd5 Qf6 49. Bb3 Kg7 50. Kg2 Qe7 51. Kh3 Qc7 52. h5 Kf6 53. Qxf7+ Qxf7 54. Bxf7 Kxf7 55. Kh4 1-0

[Event "World op 51st"]
[Site "Philadelphia"]
[Date "2023.07.02"]
[Round "5"]
[White "Khanin, Semen"]
[Black "Kunka, Harshid"]
[Result "1/2-1/2"]
[WhiteElo "2566"]
[BlackElo "2347"]
[PlyCount "55"]
[EventDate "2023.06.30"]
[EventType "swiss"]
[EventRounds "9"]
[EventCountry "USA"]
[SourceTitle "CBM 215 Extra"]
[Source "ChessBase"]
[SourceDate "2023.09.30"]
[SourceVersion "1"]
[SourceVersionDate "2023.09.30"]
[SourceQuality "1"]

1. d4 d5 2. c4 e6 3. Nc3 Nf6 4. cxd5 exd5 5. Bg5 Be7 6. e3 0-0 7. Bd3 Re8 8. Nge2 Nbd7 9. 0-0 c6 10. a4 Nf8 11. a5 a6 12. Qb3 Ng6 13. h3 Nh5 14. Bxe7 Qxe7 15. Kh2 Qd6+ 16. g3 Nh4 17. Qc2 Nf3+ 18. Kg2 Ng5 19. Bf5 Nf6 20. Bxc8 Raxc8 21. Nf4 Nge4 22. Nd3 Qc7 23. Nxe4 Nxe4 24. Ra4 Re7 25. Nc5 Nd6 26. b3 g6 27. Raa1 Rce8 28. Qd2 1/2-1/2